000 00477pam a2200193 a 4500
020 _c
040 _aMedical College Lib.
041 _aENG
_hENG
082 _a618.2
_bSWI
100 _aDe Swietm, .
245 _aMedical Disorders In Obstetrics Practice /
_c
_hTextual Documents
250 _a2nd /
_b.
260 _a :
_bOxford ,
_c1990.
300 _a218 ;
_c
365 _a350=00
930 _a3987
999 _c3986
_d3986